000 00454nam a2200169Ia 4500
008 230711s9999||||xx |||||||||||||| ||und||
020 _a978-1-85669-692-0
041 _aENG
082 _a720.3
_bMC-E
100 _aMcLeod,Virginia
245 0 _aEncyclopedia of detail in contemporary residential Architecture
250 _a1st Ed.
260 _c2010
_aLondon
_bLaurence King Publication Ltd
300 _a352p.
650 _aArchitecture
942 _cBK
999 _c5853
_d5853